Science Quiz

Random Science Quiz

Naming Binary Molecular Compounds Quiz Stats

Quiz not verified by Sporcle

Also try: Eye Anatomy
Challenge
Share
Tweet
Embed
Score 0/10 Timer 10:00
0 Plays Today
Compound Name % Correct
SF6Sulfur hexafluoride
95.9%
Si2O3Disilicon Trioxide
80.7%
P2O5Diphosphorus pentoxide
78.7%
SeF2Selenium Difluoride
78.2%
COCarbon monoxide
77.7%
NO2Nitrogen dioxide
77.6%
CCl4Carbon tetrachloride
77.3%
CBr4Carbon tetrabromide
76.2%
N3S7Trinitrogen heptasulfide
74.5%
As2O5Diarsenic pentoxide
72.5%

You're not logged in!

Compare scores with friends on all Sporcle quizzes.
Sign Up with Email
OR
Log In

You Might Also Like...

Show Comments

Extras

Top Quizzes Today


Score Distribution

Your Account Isn't Verified!

In order to create a playlist on Sporcle, you need to verify the email address you used during registration. Go to your Sporcle Settings to finish the process.